Statistiques concernant Musiques Briques Rouges de Bekar

Cliquez ici pour prendre le quiz!

Statistiques générales

  • Ce quiz a été pris 15 fois
  • Le résultat moyen est 9 sur 18

Statistiques - réponses

HintRéponse% Correct
1.B.E
82%
7.Briques rouges
82%
2.Maux de tête
73%
16.Vagabond
64%
3.Aléas
55%
15.Anxiolytique
55%
13.Soleil s’allume
55%
4.Zou
55%
18.Avant ça
45%
5.Boite à gants
45%
17.Destinée
45%
6.Interlude
45%
10.Les oiseaux chantent
45%
12.Tiekar
45%
14.Bulle
36%
11.En principe
27%
8.Hal & Malcolm
27%
9.Kid Cudi
27%

Distribution des résultats

Percentile par nombre de réponses

% des personnes avec chaque résultat

Votre développement - résultats

Vous n’avez pas pris ce quiz